| 000 | 00478nam a2200193Ia 4500 | ||
|---|---|---|---|
| 005 | 20240823010623.0 | ||
| 008 | 240823s9999||||xx |||||||||||||| ||und|| | ||
| 041 | _aENGLISH | ||
| 082 | _A378.16 N9 | ||
| 100 | _a"Jaffe,Eugine D" | ||
| 245 | 0 | _aGMAT - Graduate Management Admission test | |
| 250 | _a11th | ||
| 260 |
_c1999 _b"Galgotia,New Delhi" |
||
| 500 | _aTRANSFERED | ||
| 650 |
_aGeneral _bGeneral |
||
| 700 | _a" Hilbert,Stephen" | ||
| 942 | _cBK | ||
| 999 |
_c159155 _d159155 |
||